000 00718nam a2200289Ia 4500
005 20260324120932.0
008 008 260324s9999 xx 000 0 eng d
020 _a9780203079607
037 _aEBOOK
040 _aCRL
040 _beng
040 _cCRL
041 _2eng
041 _aeng
084 _qCRL
100 _aKeri Weed; Jaelyn R. Farris; Jody S Nicholson
_91160543
245 0 _aTeen Pregnancy and Parenting
245 0 _bRethinking the Myths and Misperceptions
260 _bTaylor and Francis
260 _c2014
365 _a
365 _b265
856 _uhttp://www.taylorfrancis.com/books/9780203079607
942 _cEBOOK
999 _c1752335
_d1752335